000 00434nam a2200145Ia 4500
008 100204s9999 xx 000 0 und d
082 _b13558
100 _aअष्टीकर बा. सी.
245 _aहात सफाई
260 _b"प्रिया प्रकाशन, मुंबई"
_c1982
300 _a228
630 _aहात सफाई
730 _aहात सफाई
942 _cBOOK
999 _c457990
_d457987